<?xml version="1.0" encoding="UTF-8"?>
<record
    xmlns:xsi="http://www.w3.org/2001/XMLSchema-instance"
    xsi:schemaLocation="http://www.loc.gov/MARC21/slim http://www.loc.gov/standards/marcxml/schema/MARC21slim.xsd"
    xmlns="http://www.loc.gov/MARC21/slim">

  <leader>00800nam a22002537a 4500</leader>
  <controlfield tag="003">dpl</controlfield>
  <controlfield tag="005">20180522145304.0</controlfield>
  <controlfield tag="008">180522b        xxu||||| |||| 00| 0 eng d</controlfield>
  <datafield tag="010" ind1=" " ind2=" ">
    <subfield code="a">B-222310</subfield>
  </datafield>
  <datafield tag="020" ind1="B" ind2=" ">
    <subfield code="c">395.00</subfield>
    <subfield code="a">9788183280396</subfield>
  </datafield>
  <datafield tag="035" ind1=" " ind2=" ">
    <subfield code="a">B-222310,  B-222315</subfield>
  </datafield>
  <datafield tag="037" ind1=" " ind2=" ">
    <subfield code="b">Cen Lib/Ret</subfield>
  </datafield>
  <datafield tag="040" ind1=" " ind2=" ">
    <subfield code="a">DPL</subfield>
    <subfield code="b">EN</subfield>
    <subfield code="c">0</subfield>
  </datafield>
  <datafield tag="082" ind1=" " ind2=" ">
    <subfield code="a">921</subfield>
    <subfield code="b">IWA</subfield>
  </datafield>
  <datafield tag="245" ind1=" " ind2=" ">
    <subfield code="a">I was Nehru,s shadow    :</subfield>
    <subfield code="c">edited by PV Rajgopal</subfield>
    <subfield code="b"> from the dairies of K.F. Rustamji  /</subfield>
  </datafield>
  <datafield tag="260" ind1=" " ind2=" ">
    <subfield code="a">New Delhi</subfield>
    <subfield code="b">Wisdom Tree</subfield>
    <subfield code="c">2006</subfield>
  </datafield>
  <datafield tag="270" ind1=" " ind2=" ">
    <subfield code="a">4779/23, Ansari Road Darya Ganj</subfield>
    <subfield code="b">New Delhi</subfield>
    <subfield code="e">110002</subfield>
  </datafield>
  <datafield tag="300" ind1=" " ind2=" ">
    <subfield code="a">237p. :</subfield>
    <subfield code="c">23cm(Hb)</subfield>
    <subfield code="b">ill.</subfield>
  </datafield>
  <datafield tag="500" ind1=" " ind2=" ">
    <subfield code="a">Includes index</subfield>
  </datafield>
  <datafield tag="650" ind1=" " ind2=" ">
    <subfield code="a">Political science</subfield>
    <subfield code="9">31578</subfield>
  </datafield>
  <datafield tag="650" ind1=" " ind2=" ">
    <subfield code="a">Prime ministers</subfield>
    <subfield code="z">India</subfield>
    <subfield code="9">10842</subfield>
  </datafield>
  <datafield tag="700" ind1=" " ind2=" ">
    <subfield code="9">31504</subfield>
    <subfield code="a">Rajgopal, PV </subfield>
  </datafield>
  <datafield tag="942" ind1=" " ind2=" ">
    <subfield code="2">ddc</subfield>
    <subfield code="c">EN</subfield>
    <subfield code="h">921</subfield>
    <subfield code="m">IWA</subfield>
  </datafield>
  <datafield tag="999" ind1=" " ind2=" ">
    <subfield code="c">131357</subfield>
    <subfield code="d">131357</subfield>
  </datafield>
  <datafield tag="952" ind1=" " ind2=" ">
    <subfield code="0">0</subfield>
    <subfield code="1">0</subfield>
    <subfield code="4">0</subfield>
    <subfield code="7">0</subfield>
    <subfield code="a">L</subfield>
    <subfield code="b">L</subfield>
    <subfield code="d">2015-07-14</subfield>
    <subfield code="e">Cen Lib/Ret</subfield>
    <subfield code="g">395.00</subfield>
    <subfield code="l">0</subfield>
    <subfield code="o">921 IWA</subfield>
    <subfield code="p">B-222310</subfield>
    <subfield code="r">2015-07-14 00:00:00</subfield>
    <subfield code="t">1</subfield>
    <subfield code="v">395.00</subfield>
    <subfield code="w">2015-07-14</subfield>
    <subfield code="y">EN</subfield>
  </datafield>
  <datafield tag="952" ind1=" " ind2=" ">
    <subfield code="0">0</subfield>
    <subfield code="1">0</subfield>
    <subfield code="2">ddc</subfield>
    <subfield code="4">0</subfield>
    <subfield code="7">0</subfield>
    <subfield code="8">NFIC</subfield>
    <subfield code="a">BL4</subfield>
    <subfield code="b">BL4</subfield>
    <subfield code="d">2018-05-22</subfield>
    <subfield code="e">BPPD/PUB</subfield>
    <subfield code="g">395.00</subfield>
    <subfield code="l">3</subfield>
    <subfield code="m">2</subfield>
    <subfield code="o">921 IWA</subfield>
    <subfield code="p">B-222315</subfield>
    <subfield code="r">2025-02-27 00:00:00</subfield>
    <subfield code="s">2025-02-12</subfield>
    <subfield code="v">395.00</subfield>
    <subfield code="w">2018-05-22</subfield>
    <subfield code="y">EN</subfield>
  </datafield>
  <datafield tag="952" ind1=" " ind2=" ">
    <subfield code="0">0</subfield>
    <subfield code="1">0</subfield>
    <subfield code="2">ddc</subfield>
    <subfield code="4">0</subfield>
    <subfield code="7">0</subfield>
    <subfield code="8">NFIC</subfield>
    <subfield code="a">ZLS</subfield>
    <subfield code="b">ZLS</subfield>
    <subfield code="d">2019-05-22</subfield>
    <subfield code="l">1</subfield>
    <subfield code="m">2</subfield>
    <subfield code="o">921 IWA</subfield>
    <subfield code="p">B-222312</subfield>
    <subfield code="r">2024-08-08 00:00:00</subfield>
    <subfield code="s">2024-07-08</subfield>
    <subfield code="w">2019-05-22</subfield>
    <subfield code="y">EN</subfield>
  </datafield>
</record>
